འབྲུག༌བརྒྱུད༌འཛིན༌གྱི༌རྒྱལ༌མཆོག༌བཞི༌པ༌མི༌དབང༌འཇིགས༌མེད༌སེང༌གེ༌དབང༌ཕྱུག༌མཆོག༌གི༌རྟོགས༌བརྗོད༌དེབ༌ཐེར༌ཆེན༌མོ༌བཞུགས༌སོ། (Record no. 2949)

MARC details
000 -LEADER
fixed length control field 00889nam a2200181 4500
001 - CONTROL NUMBER
control field 3619
005 - DATE AND TIME OF LATEST TRANSACTION
control field 20190920144455.0
008 - FIXED-LENGTH DATA ELEMENTS--GENERAL INFORMATION
fixed length control field 190920b ||||| |||| 00| 0 eng d
020 00 - INTERNATIONAL STANDARD BOOK NUMBER
International Standard Book Number 9789993614487
090 00 - LOCALLY ASSIGNED LC-TYPE CALL NUMBER (OCLC); LOCAL CALL NUMBER (RLIN)
Classification number (OCLC) (R) ; Classification number, CALL (RLIN) (NR) 945.98092 K521-4 2008
245 00 - TITLE STATEMENT
Title འབྲུག༌བརྒྱུད༌འཛིན༌གྱི༌རྒྱལ༌མཆོག༌བཞི༌པ༌མི༌དབང༌འཇིགས༌མེད༌སེང༌གེ༌དབང༌ཕྱུག༌མཆོག༌གི༌རྟོགས༌བརྗོད༌དེབ༌ཐེར༌ཆེན༌མོ༌བཞུགས༌སོ།
246 ## - VARYING FORM OF TITLE
Title proper/short title [Biography of 4th King Jigme Singye Wangchuck].
260 00 - PUBLICATION, DISTRIBUTION, ETC.
Place of publication, distribution, etc. [Thimphu] :
Name of publisher, distributor, etc. Centre for Bhutan Studies,
Date of publication, distribution, etc. 2008.
300 00 - PHYSICAL DESCRIPTION
Extent 417 p. ; 25 cm.
600 ## - SUBJECT ADDED ENTRY--PERSONAL NAME
Personal name Jigme Singye Wangchuck,
Titles and other words associated with a name 4th King of Bhutan.
651 ## - SUBJECT ADDED ENTRY--GEOGRAPHIC NAME
Geographic name Bhutan --Kings and rulers --Biography.
942 ## - ADDED ENTRY ELEMENTS (KOHA)
Source of classification or shelving scheme Dewey Decimal Classification
Koha item type Dzongkha
Holdings
Withdrawn status Lost status Source of classification or shelving scheme Damaged status Not for loan Collection code Home library Current library Shelving location Date acquired Serial Enumeration / chronology Total Checkouts Total Renewals Full call number Barcode Date last seen Date last checked out Price effective from Koha item type
    Dewey Decimal Classification     Dzongkha RTC Library RTC Library Dzongkha 15/05/2025 4 1 954.98 DRU 30005673 30/10/2025 17/09/2025 27/11/2018 Dzongkha
    Dewey Decimal Classification     RCSC Books RTC Library RTC Library RCSC Books 26/02/2021 14784     954.98 DRU 30014352 26/02/2021   26/02/2021 RCSC
Royal Thimphu College || All Right Reserved